00660 2200241 4500001002100000005001700021008004100038035002500079040001200104082001800116090002000134100002000154245007400174250001100248260003100259300002200290650002200312700001800334850001200352990001800364990001800382990001800400INLIS00000000001227520151008094426.0 ind  a0010-091500000000788 aYOPDYOG 223a297.12203 a297.12203 Muh K aMUHAMMAD THALIB aKamus kosakata Al-Qur anc/ Muhammad Thalib ; pengedit, Jarot Triyogo aCet. 1 aYogyakartabMU Mediac2014 a583 hlm.c; 21 cm aKamus - Al-Qur an aJarot Triyogo aYOPDYOG a14730-PD/B.15 a14731-PD/B.15 a14732-PD/B.15